Sports and recreational activities
The purpose of the thirteenth edition of Sports and Recreational Activities is to provide current fundamental knowledge about a broad spectrum of physical activities. The physiological, psychological, and social benefits of participation in physical activities have long been proclaimed by physicians...
Shranjeno v:
| Glavni avtor: | |
|---|---|
| Format: | Knjiga |
| Jezik: | Undetermined |
| Izdano: |
Boston
McGraw-Hill
2003
|
| Teme: | |
| Oznake: |
Označite
Brez oznak, prvi označite!
|
| Thư viện lưu trữ: | Trung tâm Học liệu Trường Đại học Cần Thơ |
|---|
| LEADER | 00988nam a2200205Ia 4500 | ||
|---|---|---|---|
| 001 | CTU_136564 | ||
| 008 | 210402s9999 xx 000 0 und d | ||
| 020 | |c 91.25 | ||
| 082 | |a 790 | ||
| 082 | |b M817 | ||
| 100 | |a Mood, Dale P. | ||
| 245 | 0 | |a Sports and recreational activities | |
| 245 | 0 | |c Dale P. Mood, Frank F. Musker, Judith E. Rink | |
| 260 | |a Boston | ||
| 260 | |b McGraw-Hill | ||
| 260 | |c 2003 | ||
| 520 | |a The purpose of the thirteenth edition of Sports and Recreational Activities is to provide current fundamental knowledge about a broad spectrum of physical activities. The physiological, psychological, and social benefits of participation in physical activities have long been proclaimed by physicians, physical educators, and recreation directors, and it appears that their advice is receiving the public's attention. | ||
| 650 | |a Thể thao,Sports,Physical education and training | ||
| 904 | |i Giang | ||
| 980 | |a Trung tâm Học liệu Trường Đại học Cần Thơ | ||